Quizzes
Events
Quiz Creation
Community
Videos
Private Events
Remove Ads
Sign In
Join for FREE
Feedback
Dark Mode
Quiz Categories
Sports
Geography
Music
Movies
Television
Just For Fun
Miscellaneous
History
Literature
Language
Science
Gaming
Entertainment
Religion
Holiday
For Kids
Quiz Lab
Recent
Popular Today
Quiz Kudos Today
Editor Picks
Curator Picks
Quizzes by...
Day
Popularity
Type
Ratings
Length
Year
Community
Subscriptions
Recent Discussions
Orange Saloon
Badges
Playlists
Quests
Create
Leaderboards
Showdown
Live 5
Trivia Bingo
Activity
Puzzle Library
Sporcle Events
Private Events
Virtual Trivia
Globe League
Become a Host
Pub Owners
SporcleCon
Opinionation
Our Games
Videos
Blog
Mobile Apps
Partnerships
Remove Ads and Go Orange
Feedback
Movies
Disney
Marvel Cinematic Universe
Movie Resume
Movie Titles
Oscar
Actor
Actress
Director
Pixar
Role
Movie Quotes
Movie Characters
Box Office
Nominee
Best Picture
Star Wars
James Bond
Horror Movies
Movies
Disney
Marvel Cinematic Universe
Movie Resume
Movie Titles
Oscar
Actor
Actress
Director
Pixar
Role
Movie Quotes
Movie Characters
Box Office
Nominee
Best Picture
Star Wars
James Bond
Horror Movies
Random Quiz
Search Sporcle
×
Quiz Lab
Quiz Lab
Movies
Horror Movies
Type in answers that appear in a list
Type in answers that appear in a list
Classic
Best Score? Go Orange.
Repo! The Genetic Opera Trivia Stats
Can you name the Repo! The Genetic Opera Trivia?
By
rockchick_19
7m
25 Questions
522 Plays
522 Plays
522 Plays
Comments
Comments
Give Quiz Kudos
Give Quiz Kudos
-
- Ratings
hide this ad
Forced Order
Answers have to be entered in order
Answers have to be entered in order
Random Order
Randomize order of answers
Randomize order of answers
Replay
Link that replays current quiz
Next Quiz
Link to next quiz in quiz playlist
You Got
0%
They Got
Avg Score
40%
Avg Friend Score
Upgrade to see
Score Distribution
Jump to the score distribution portion of the page
Score
0/25
Timer
07:00
0
Plays Today
Question
Answer
% Correct
Other than money how does Amber pay for Zydrate?
Sex
80%
Which of the Largo siblings doesn't have pierced ears?
Luigi
78.1%
How many times does Luigi rip open his shirt?
2
74.5%
How many holographic pictures of Marni can be seen in the Wallace home?
6
65.3%
How many Genterns don't wear white?
1
63.7%
Blind Mag's eyes used to belong to whom?
Marni
60.1%
Who is the only person who successfully orders Luigi to do something?
Blind Mag
55.1%
Which character didn't originally sing during 'At the Opera tonight'
Blind Mag
53.9%
What has happened to Amber's valets by the end of the film?
They're killed
43.2%
GeneCo has been cleaning up the streets since?
2030
40.9%
In what year was Marni born?
2011
37.2%
Where is Marni's body
In the wall
35.5%
Amber's birth name was?
Carmela Largo
34.7%
Question
Answer
% Correct
What is Pavi short for?
Paviche
33%
What is a Surgery Addict known as?
Scalpel ****
32.4%
At the Renaissance Fair a man is behaving like what animal?
Chicken
31.7%
Why is Pavi the only Largo sibling to have an Italian accent?
To hide his speech impediment
30.1%
What do Amber's valets have tatooed on their chests?
A barcode
26.1%
Rotti is short for?
Rottissimo
24.8%
Where is the cemetary in which Shilo meets Graverobber?
Inside
22.1%
What type of fire is in the fireplace at the Wallace home?
LCD
21.9%
What is Blind Mag's real name?
Magdalene Defoe
21.5%
What is a Zydrate Addict known as?
Zydrate Zombie
20%
What kind of implants allow Mag to see?
Digital Corneas
18%
What was the name of the woman killed at the beginning of the film?
Jessica Adams
16.5%
Quiz Playlist
Details
Report
Send in Message
Add To Playlist
Classic:
Type in answers that appear in a list
Forced Order:
Answers have to be entered in order
Random Order:
Randomize order of answers
Last Updated: Feb 16, 2017
Quiz Scoreboard
CHALLENGE
Sign Up to Join the Scoreboard
Show All
Scores
Hide
Comments
May contain spoilers
Recently Published
1-10 Letter E Words III
by El_Dandy
Language
2m
One Thing in Common: World Cities II
by knightlancer
Geography
7m
Popular People in 1961
by mucciniale
History
6m
More to Explore
Quiz From the Vault
Featured Blog Post
Where Did the Easter Bunny Come From?
hide this ad
You Might Also Like...
Tags
Horror Movies Quiz
Musical Quiz
Musical Numbers
Musical Songs
Opera
Opera Songs
repo
Today's Top Quizzes in Movies
Browse Movies
hide this ad
Today's Top Quizzes in Horror Movies
Browse Horror Movies
Top Contributed Quizzes in Movies
1
Multi-Oscar Nominations, One Movie, One Winner
2
12 Movies about Fictional 1960s Events
3
One Thing in Common: Movies
4
Three Word 'T' Movies Match Up
5
Three Word 'H' Movies Match Up
6
Three Word 'M' Movies Match Up
7
Three Word 'L' Movies Match Up
8
Three Word 'R' Movies Match Up
9
Three Word 'S' Movies Match Up
10
Three Word 'U' & 'V' Movies Match Up
Explore More
Trending Topics
Anime
Marvel
Harry Potter
Crossword
Kpop
NBA
Disney
Song
Soccer
Country
Puzzle
Pokémon
WWE
NFL
The Office
hide this ad
More By:
rockchick_19
Quiz
Plays
Rating
Category
Featured
Created
Repo! The Genetic Opera Trivia
522
4.67
Movies
Nov 26, 2011
Go to Creator's Profile
Score Distribution
Quiz Creator Spotlight
rockchick_19
Follow
Send a Message
Quizzes Created
-
Created Quiz Play Count
-
More By This Creator
Popular Quizzes Today
1
Find the US States - No Outlines Minefield
2
The Countries of the World
3
Popular People in 1961
4
Find the Countries of Europe - No Outlines Minefield
5
1-10 Letter E Words III
6
Find the US States
7
One Thing in Common: World Cities II
8
US States
More Movies Quizzes
Animated Movies Venn Diagram II
Published
Trending Quizzes
1-10 Letter F Words
1-10 Letter G Words
Risky Map Clicking: Next State Alphabetically
1-10 Letter F Words II
Risky Map Clicking: States by Unique Starting Letters
Recently Updated
Leaping Animals
pecheneg
Reality TV Shows (A-Z)
bhenderson79
Rickey Henderson's Hall of Fame Teammates
pecheneg
Champions League XIs: Arsenal
pecheneg
Quick Pick: Celebrities in WWE's Hall of Fame
aduchscher
A-Z Keypad Blitz II
pecheneg
Multiple Oscar Actors
pecheneg
Mystery Phrase Blitz: Oscar 'Best Actors'
pecheneg
F. Scott Fitzgerald Novels
LTH
Pick 3 Villains
ddd62291
Trending Topics
Anime
Harry Potter
NBA
Crossword
Disney
Marvel
Kpop
NFL
Country
The Office
Puzzle
Song
WWE
Soccer
Pokémon
Your Account Isn't Verified!
In order to create a playlist on Sporcle, you need to verify the email address you used during registration. Go to your
Sporcle Settings
to finish the process.
Report this User
Report this user for behavior that violates our
Community Guidelines
.
Details:
Send Report
Go to the Sporcle.com Mobile Site →
Comments